000 00326nam a2200109Ia 4500
008 200302s9999 xx 000 0 und d
100 _aSarah Noal ed.,
245 _aEducational Spaces Dining Hall, Outdoor Education Center, Gymnasium Play Ground Vol 3
260 _bImages Publishing Group Ltd.
260 _c2003
300 _a224
999 _c3585
_d3585